000 00712nam a2200265Ia 4500
003 OSt
005 20221006144004.0
006 a|||||r|||| 00| 0
007 ta
008 221006b |||||||| |||| 00| 0 eng d
020 _c
_5.50 (each)
024 _a10,572
037 _cTextual
040 _aEASL
_cEASL
_beng
041 _2eng
_aeng
082 _aW,8.41.N56, K7;1
100 _aTOWNSEND James R
245 0 _aPolitical participation in Communist China
260 _aBerkeley
_bUniversity of California Press
_c1967
300 _a233p.
_ccm.
650 _a CCP
_9650725
650 _aCEL
942 _hW,8.41.N56, K7;1
_cTEXL
_2CC
999 _c1078658
_d1078658